Odpowiedź zaczyna się na B - Statystyki

Ogólne statystyki
  • Ten quiz został rozwiązany 396 razy
  • Średni wynik to 11 z 15
Statystyki odpowiedzi
Hint Odpowiedź % Poprawnych
Stolica Niemiec Berlin
100%
Morze, nad którym leżą m.in Polska, Rosja, Litwa, Łotwa i Estonia Bałtyckie
94%
Duży ptak, przylatuje wczesną wiosną, odlatuje późnym latem Bocian
94%
Polski sklep z logotypem owada Biedronka
93%
Ciemnoczerwone warzywo lub popularne tureckie imię męskie Burak
89%
Miasto w Katalonii, do którego klubu piłkarskiego Robert zamierza przejść Barcelona
86%
Odpowiednik prezydenta w miastach nie posiadających praw powiatu, ale będących głównym jego miastem (słowo pochodzi z języka niemieckiego) Burmistrz
84%
Zupa warzona z powyższego warzywa, popularna w kraju sąsiadującym z Polską Barszcz
81%
"Kryształ" zasuszonej żywicy, znany także pod nazwą jantar Bursztyn
81%
Obecny klub sportowy Roberta Lewandowskiego Bayern Monachium
76%
Miasto w Portugalii, o nazwie podobnej do stolicy Czech Braga
73%
Pasmo górskie w południowo-wschodniej części Polski, którego najwyższym szczytem jest Tarnica (1483 m.n.p.m) Bieszczady
69%
Stolica Irlandii Północnej, o której śpiewa powyższy zespół Belfast
42%
Znany niemiecki zespół, którego wokalistką jest Liz Mitchel Boney M.
15%
Nazwisko jednego z członków grupy Modern Talking Bohlen
11%
Nie znaleziono quizów pasujących do podanych kryteriów
Rozkład punktacji
Procent ludzi z każdym wynikiem
Percentyl według liczby udzielonych odpowiedzi
Twoja historia wyników
Nie rozwiązałeś tego quizu